[Investície v Číne]

Z obsahu: Čína láka mnohých, prijme len pripravených. Modernizácia krajiny ponúka aj slovenským firmám viacero obchodných a podnikateľských príležitostí. Čína je ázijskou prioritou Slovenska. V čínskom menu Tlmačov je aj renomé. Kto nepozná osobitosti trhu a partnera, nemá šancu. Spoločný podnik zan...

Descripción completa

Guardado en:
Detalles Bibliográficos
Autor principal: Slovák, Kristian
Otros Autores: Marčan, Peter
Formato: Capítulo de libro
Lenguaje:eslovaco
Materias:
Etiquetas: Agregar Etiqueta
Sin Etiquetas, Sea el primero en etiquetar este registro!

MARC

LEADER 00000naa$a2200000$$$4500
001 0022985
005 20231009075600.3
041 0 |a slo 
044 |a SK 
245 1 0 |a [Investície v Číne]  |c Kristian Slovák, Peter Marčan 
520 |a Z obsahu: Čína láka mnohých, prijme len pripravených. Modernizácia krajiny ponúka aj slovenským firmám viacero obchodných a podnikateľských príležitostí. Čína je ázijskou prioritou Slovenska. V čínskom menu Tlmačov je aj renomé. Kto nepozná osobitosti trhu a partnera, nemá šancu. Spoločný podnik zanikol (Burda Toys), obchod však ide ďalej. Čína láka čoraz viac turistov. 
610 2 0 |a obchod zahraničný 
610 2 0 |a podnikanie v zahraničí 
610 2 0 |a Slovensko 
610 2 0 |a Čína 
610 2 0 |a trh zahraničný 
610 2 0 |a podnik spoločný 
610 2 0 |a ruch cestovný zahraničný 
100 1 |a Slovák, Kristian 
700 1 |a Marčan, Peter